Classement Tournoi des 6 Nations 2022. - Statistiques

Statistiques générales
  • Ce quiz a été pris 218 fois
  • Le résultat moyen est 6 sur 6
Statistiques - réponses
Rang Points Points inscrits Nations % Correct
1 22 141 France
100%
3 10 101 Angleterre
98%
2 21 168 Irlande
98%
4 10 92 Écosse
96%
6 4 60 Italie
94%
5 7 76 Pays de Galles
93%
Aucun quiz correspondant
Distribution des résultats
% des personnes avec chaque résultat
Percentile par nombre de réponses
Votre historique - résultats
Vous n’avez pas pris ce quiz